Políticas públicas para la infancia

I tiakina i:
Ngā taipitopito rārangi puna kōrero
Ngā kaituhi matua: Cousiño Donoso, Felipe (Author), Foxley Rioseco, Ana María (Author)
Hōputu: Pukapuka
Reo:Pāniora
I whakaputaina: Santiago Comisión Nacional Chilena de Cooperación 2011
Ngā marau:
Ngā Tūtohu: Tāpirihia he Tūtohu
Kāore He Tūtohu, Me noho koe te mea tuatahi ki te tūtohu i tēnei pūkete!

MARC

LEADER 00000cam a2200000 a 4500
001 UCF0511
003 CL-VaPUC
008 120531e20110000CL |||||||||||||||||spa|d
082 0 4 |a 353.5  |b COU  |2 21 
100 0 |a Cousiño Donoso, Felipe  |e author  |9 562267 
700 0 |a Foxley Rioseco, Ana María  |e author  |9 562268 
245 1 0 |a Políticas públicas para la infancia 
300 |a 194 p 
942 |c BK 
945 |d 20120531 00:00:00  |a cmena 
260 |a Santiago  |b Comisión Nacional Chilena de Cooperación  |c 2011 
650 0 |a Protección a la infancia  |9 492491 
650 0 |a Derechos del niño  |9 258728 
650 0 |a Políticas públicas  |9 309677 
650 0 |a Trabajo social   |9 307856 
650 0 |a Educación preescolar  |9 260381 
651 7 |a CHILE  |2 CL-VaPUC  |9 562269 
583 |a last modification  |c 20130308 07:45:00  |k Rodrigo Vera 
999 |c 347768  |d 347766 
952 |0 0  |1 0  |4 0  |6 353_500000000000000_COU_2011  |7 0  |8 A  |9 449378  |a FDOPOS  |b FDOPOS  |d 2019-11-22  |i 4871685  |o 353.5 COU 2011  |p 4871685  |r 2025-01-22  |w 2019-11-22  |y BK  |k DLA 
952 |0 0  |1 0  |4 0  |6 353_500000000000000_COU_2011  |7 0  |8 A  |9 449379  |a FDOPOS  |b FDOPOS  |d 2019-11-22  |i 4871693  |o 353.5 COU 2011  |p 4871693  |r 2025-01-22  |w 2019-11-22  |y BK  |k DLA 
952 |0 0  |1 0  |4 0  |6 353_500000000000000_COU_2011  |7 0  |8 A  |9 449380  |a FDOPOS  |b FDOPOS  |d 2019-11-22  |i 4871707  |o 353.5 COU 2011  |p 4871707  |r 2025-01-22  |w 2019-11-22  |y BK  |k DLA